000 00694nam a2200241 a 4500
001 65373
003 BD-RjUL
005 20211209081421.0
008 170305s1965 enkbc b 000 0ceng
035 _a(BD-RjUL)65503
040 _aDLC
_cDLC
_dBD-RjUL
_beng
041 _aeng
082 _223
_a954.96
_bSHH 1965
100 1 _aShaha, Rishikesh.
_9193468
245 1 0 _aHeroes and builders of Nepal. /
_cRishikesh Shaha
260 _aLondon :
_bOxford University Press,
_cc1965.
300 _axii, 100 p. :
_bill. ;
_c19 cm.
504 _aIncludes bibliography
651 0 _aNepal
_xBiography.
_9193469
651 0 _aNepal
_xHistory.
_9193470
942 _2ddc
_cBK
999 _c65373
_d65373